| 000 | 00692nam a22002057a 4500 | ||
|---|---|---|---|
| 999 |
_c195860 _d195860 |
||
| 005 | 20230504153930.0 | ||
| 010 | _aENG-136775 | ||
| 020 |
_a9789389146301 _c270.00 |
||
| 035 | _aEN-120307 | ||
| 037 | _bDBAD/PUB | ||
| 082 | _a005.1 | ||
| 100 | _aR. Jayalakshmi | ||
| 245 |
_aData Structures And Algorithms/ _cR. Jayalakshmi, G. Ramana & T. Balasubramanian |
||
| 260 |
_aTamil Nadu _bShanlax Publications _c2019 |
||
| 270 |
_a61,66 T.P.K. Main Road , Vasantha Nagar _bMadurai _e625003 _k0452-4208765, 7639303383 _mpublisher@shanlaxpublications.com |
||
| 300 |
_a207p. _c24m(pbk) |
||
| 700 | _a G. Ramana | ||
| 700 | _aT. Balasubramanian | ||
| 942 |
_2ddc _cEN _h005.1 _mRJA |
||